000 00631nam a2200193Ii 4500
003 JO-AjNU
008 230605s9999||||xx |||||||||||||| ||und||
040 _aJO-AjNU
_bara
_erda
_cJO-AjNU
041 _aara
050 1 4 _aTK2781
100 3 _aعيد، خير الدين ,
_eauthor
_913836
245 0 0 _aاصلاح المحركات الكهربائية
264 3 1 _aبيروت: منشورات العصر الحديث، 1900
300 _a128ص
336 _atext
_btxt
_2rdacontent
337 _aunmediated
_bn
_2rdamedia
338 _avolume
_bnc
_2rdacarrier
650 4 _aالمحركات الكهربائية -اصلاح
_913837
999 _aA3547
_c7115
_d7115